| 000 | 00808nas a2200265 4500 | ||
|---|---|---|---|
| 001 | BR7800745 | ||
| 003 | BR-BrBNA | ||
| 005 | 20231205083324.0 | ||
| 007 | ta | ||
| 008 | 230509b bl.|||p| |||| 00| 00por d | ||
| 040 |
_aBR-BrBNA _bpor _cBiblioteca Nacional de Agricultura |
||
| 041 | _a(Pt) | ||
| 072 | _aL40 | ||
| 100 | 1 | _aSouza, J.C. de A. | |
| 100 | 1 | _aLucio, W.F. | |
| 100 | 1 | _aChiquiloff, M.A. de G. | |
| 245 | 1 | _aEstudo anatomo-histopatologico das paratireoides de caes | |
| 650 | _aANATOMIA ANIMAL | ||
| 650 | _aHISTOLOGIA | ||
| 650 | _aCAO | ||
| 650 | _aGLANDULA | ||
| 773 | 0 |
_tArquivos da Escola de Veterinaria da Universidade Federal de Minas Gerais (Brazil) _xISSN 0365-8384 _g(1977), v. 29(2) p. 179-183 _wBR7800745 |
|
| 909 |
_a202311 _bLúcia _c55 _dLúcia Elande |
||
| 942 |
_2AGRIS _n0 _cANA |
||
| 999 |
_c97974 _d97974 |
||